[Event "DEM U10/U10w 2010"]
[Site "Oberhof GER"]
[Date "2010.05.27"]
[Round "8"]
[White "Reuker, Jari"]
[Black "Hoffmann, Christoph"]
[Result "1-0"]
[Termination "normal"]
[Board "24"]
[WhiteElo "1237"]
[BlackElo "1094"]
[PlyCount "43"]
[WhiteFideId "12909300"]
[EventCountry "GER"]
[EventRounds "11"]
[EventType "swiss"]
[EventDate "2010.05.22"]

1. c4 Nf6 2. Nc3 g6 3. g3 d6 4. d4 Nbd7 5. Nf3 Bg7 6. Bg2 e5 7. e4 O-O 8. O-O
Re8 9. h3 exd4 10. Nxd4 Nc5 11. Re1 a5 12. b3 Bd7 13. Rb1 Rb8 14. g4 c6 15. Bf4
b5 16. Bxd6 Bxg4 17. Nxc6 Bxd1 18. Nxd8 Rbxd8 19. Rbxd1 Nb7 20. Nxb5 Nd7 21.
Bc7 Rc8 22. Rxd7 1-0

[Event "DEM U10/U10w 2010"]
[Site "Oberhof GER"]
[Date "2010.05.27"]
[Round "8"]
[White "Denkert, Anna"]
[Black "Kirn, Niklas Johann"]
[Result "0-1"]
[Termination "normal"]
[Board "25"]
[WhiteElo "914"]
[BlackElo "1188"]
[PlyCount "132"]
[WhiteFideId "12938122"]
[BlackFideId "12910899"]
[EventCountry "GER"]
[EventRounds "11"]
[EventType "swiss"]
[EventDate "2010.05.22"]

1. e4 d5 2. exd5 Nf6 3. d4 Nxd5 4. Nf3 Nc6 5. Be2 e6 6. O-O Be7 7. c4 Nb6 8.
Be3 Bf6 9. Nc3 Ne7 10. c5 Nbd5 11. Nxd5 exd5 12. Qc2 Nc6 13. Rae1 O-O 14. a3
Re8 15. Bb5 Bd7 16. Re2 Re7 17. Rfe1 Nb4 18. Qa4 Nc6 19. Bd2 Rxe2 20. Rxe2 a6
21. Bxc6 Bxc6 22. Qc2 Bb5 23. Re3 Qd7 24. b3 Re8 25. Rxe8+ Qxe8 26. a4 Be2 27.
Bc3 Bxf3 28. gxf3 Qe6 29. Qd1 Bg5 30. Bd2 Qg6 31. Qe2 Kf8 32. Bxg5 Qxg5+ 33.
Kf1 Qf4 34. Qe5 Qxe5 35. dxe5 Ke7 36. Ke2 Ke6 37. f4 Kf5 38. Ke3 a5 39. h3 c6
40. f3 h6 41. h4 h5 42. Ke2 Kxf4 43. Kf2 d4 44. Ke2 Kxe5 45. Kd3 Kd5 46. f4 f5
47. Kd2 Kxc5 48. Kc2 Kb4 49. Kd3 c5 50. Kc2 g6 51. Kd3 Kxb3 52. Kd2 c4 53. Kd1
c3 54. Kc1 d3 55. Kd1 d2 56. Ke2 Kc2 57. Ke3 d1=R 58. Ke2 Rd6 59. Ke3 Kd1 60.
Kf2 Re6 61. Kf3 c2 62. Kf2 c1=R 63. Kf3 Rc3+ 64. Kf2 Re2+ 65. Kf1 Kd2 66. Kg1
Rc1# 0-1

[Event "DEM U10/U10w 2010"]
[Site "Oberhof GER"]
[Date "2010.05.27"]
[Round "8"]
[White "Rogozenco, Teodora Nana"]
[Black "Halas, Julia"]
[Result "1/2-1/2"]
[Termination "normal"]
[Board "26"]
[WhiteElo "1186"]
[BlackElo "1091"]
[PlyCount "54"]
[WhiteFideId "12938084"]
[BlackFideId "12931810"]
[EventCountry "GER"]
[EventRounds "11"]
[EventType "swiss"]
[EventDate "2010.05.22"]

1. d4 d5 2. c4 e6 3. Nc3 Nf6 4. Bg5 Be7 5. Nf3 O-O 6. e3 c6 7. Bd3 dxc4 8. Bxc4
b5 9. Bd3 Nbd7 10. O-O a6 11. e4 Bb7 12. Qc2 h6 13. Bh4 c5 14. e5 Nd5 15. Nxd5
Bxd5 16. Bxe7 Qxe7 17. a4 Bxf3 18. gxf3 cxd4 19. f4 Rac8 20. Qe2 Qh4 21. Qe4
Qg4+ 22. Kh1 f5 23. Qxd4 Qf3+ 24. Kg1 Nc5 25. Bc2 Qg4+ 26. Kh1 Qf3+ 27. Kg1
Qg4+ 1/2-1/2

[Event "DEM U10/U10w 2010"]
[Site "Oberhof GER"]
[Date "2010.05.27"]
[Round "8"]
[White "Bergauz, Noam"]
[Black "Grieb, Lukas"]
[Result "1-0"]
[Termination "normal"]
[Board "27"]
[WhiteElo "1393"]
[BlackElo "1007"]
[PlyCount "59"]
[WhiteFideId "12938033"]
[BlackFideId "1271993"]
[EventCountry "GER"]
[EventRounds "11"]
[EventType "swiss"]
[EventDate "2010.05.22"]

1. e4 c5 2. Nf3 Nc6 3. d4 cxd4 4. Nxd4 Qb6 5. Nb3 e6 6. Be3 Qc7 7. a3 Nf6 8.
Nc3 Be7 9. Be2 O-O 10. O-O Rd8 11. f4 d6 12. Bf3 d5 13. e5 Ne4 14. Bxe4 dxe4
15. Qe2 f5 16. exf6 Bxf6 17. Bf2 Qxf4 18. Bb6 Qxf1+ 19. Rxf1 axb6 20. Qxe4 Nd4
21. Nxd4 Rxd4 22. Qe3 Rh4 23. Qg3 Rh6 24. Ne4 Bxb2 25. c3 Bxa3 26. Nf6+ Rxf6
27. Rxf6 Bc5+ 28. Kf1 Ra1+ 29. Ke2 Bd7 30. Qb8+ 1-0

[Event "DEM U10/U10w 2010"]
[Site "Oberhof GER"]
[Date "2010.05.27"]
[Round "8"]
[White "Schröder, Janina"]
[Black "Neuwald, Johannes"]
[Result "1-0"]
[Termination "normal"]
[Board "28"]
[WhiteElo "1042"]
[BlackElo "1277"]
[PlyCount "157"]
[WhiteFideId "24693138"]
[EventCountry "GER"]
[EventRounds "11"]
[EventType "swiss"]
[EventDate "2010.05.22"]

1. e4 c5 2. Nf3 Nc6 3. d4 cxd4 4. Nxd4 g6 5. Nc3 Bg7 6. Be3 Nf6 7. Be2 d6 8. h3
Bd7 9. O-O O-O 10. Qd2 Qc7 11. Nb3 a6 12. f4 Rfd8 13. Rab1 Qc8 14. Bf3 Qc7 15.
Qf2 Qc8 16. Na4 Qb8 17. Nb6 Ra7 18. Nxd7 Nxd7 19. Bxa7 Qxa7 20. Qxa7 Nxa7 21.
c3 Bh6 22. f5 Be3+ 23. Kh1 Ne5 24. Rbe1 Bf4 25. Rd1 Nc4 26. Rd4 Ne3 27. Rf2
Nxf5 28. exf5 Be3 29. Re2 Bxd4 30. Nxd4 gxf5 31. Nxf5 e6 32. Nd4 b6 33. Nc6
Nxc6 34. Bxc6 a5 35. c4 Rc8 36. Bb5 e5 37. a3 Rc7 38. Rd2 f5 39. Rxd6 Re7 40.
Rxb6 e4 41. Rd6 f4 42. Rd1 e3 43. Re1 Re5 44. Kh2 Re6 45. g3 f3 46. c5 Rc6 47.
Bc4+ Kg7 48. Rxe3 Rxc5 49. b3 a4 50. Rxf3 axb3 51. Bxb3 Rc1 52. h4 h5 53. a4
Rb1 54. Bc4 Rb2+ 55. Kg1 Rb4 56. Bb5 Rb1+ 57. Rf1 Rb3 58. Kg2 Rb2+ 59. Rf2 Rb3
60. Ra2 Kf6 61. Be2 Kg6 62. a5 Rb7 63. a6 Ra7 64. Rb2 Kf5 65. Rb7 Ra8 66. a7
Kg6 67. Bf3 Kf5 68. Rf7+ Ke6 69. Bxa8 Kxf7 70. Bd5+ Kf6 71. a8=Q Ke5 72. Ba2
Kd4 73. Qd5+ Ke3 74. Qf3+ Kd4 75. Kf2 Ke5 76. Ke3 Kd6 77. Qd5+ Ke7 78. Qe6+ Kf8
79. Qf7# 1-0

[Event "DEM U10/U10w 2010"]
[Site "Oberhof GER"]
[Date "2010.05.27"]
[Round "8"]
[White "Kololli, Martin"]
[Black "Boehling, Richard"]
[Result "1-0"]
[Termination "normal"]
[Board "29"]
[WhiteElo "1251"]
[BlackElo "1108"]
[PlyCount "119"]
[WhiteFideId "12936910"]
[BlackFideId "12946176"]
[EventCountry "GER"]
[EventRounds "11"]
[EventType "swiss"]
[EventDate "2010.05.22"]

1. e4 e5 2. Bc4 Bc5 3. d3 Nf6 4. c3 Nc6 5. Nf3 d6 6. h3 O-O 7. O-O h6 8. Nbd2
Be6 9. Bb5 Ne7 10. d4 exd4 11. cxd4 Bb6 12. Re1 c6 13. Ba4 Ng6 14. Nf1 Qc7 15.
Ng3 Rad8 16. Qd3 Ba5 17. Re2 b5 18. Bb3 Rfe8 19. Bxe6 fxe6 20. Be3 e5 21. Rc1
Bb6 22. d5 c5 23. Qxb5 Qd7 24. Qxd7 Rxd7 25. a3 Rc8 26. Rec2 Rdc7 27. Rc4 Ne7
28. Rd1 Kh7 29. Nh4 g6 30. f4 exf4 31. Bxf4 Ne8 32. Nf3 g5 33. Bd2 Ng7 34. Bc3
Rf8 35. Rf1 Rcc8 36. Nh2 Rxf1+ 37. Nhxf1 Rf8 38. Bd2 Ng6 39. Bc3 Nf4 40. Bxg7
Kxg7 41. Nf5+ Kh7 42. N1g3 Rf6 43. b3 Nd3 44. Nh5 Rg6 45. Ne7 Ne5 46. Rc3 c4+
47. Kf1 Bd4 48. Rxc4 Nxc4 49. bxc4 Be5 50. Nxg6 Kxg6 51. g4 a5 52. a4 Kf7 53.
Kf2 Ke7 54. Ng3 Bxg3+ 55. Kxg3 Kf6 56. Kf3 Ke5 57. Ke3 Kf6 58. Kd4 Ke7 59. e5
dxe5+ 60. Kxe5 1-0

[Event "DEM U10/U10w 2010"]
[Site "Oberhof GER"]
[Date "2010.05.27"]
[Round "8"]
[White "Rößler, Linus Benedict"]
[Black "Sadewasser, Lucie"]
[Result "1-0"]
[Termination "normal"]
[Board "30"]
[WhiteElo "1105"]
[BlackElo "1197"]
[PlyCount "41"]
[WhiteFideId "12921076"]
[BlackFideId "12905445"]
[EventCountry "GER"]
[EventRounds "11"]
[EventType "swiss"]
[EventDate "2010.05.22"]

1. e4 e5 2. Nf3 Nc6 3. Bc4 Nf6 4. d3 Bc5 5. c3 d6 6. O-O Bg4 7. h3 Bh5 8. Nbd2
O-O 9. Bb3 Qd7 10. Re1 Rad8 11. Nf1 d5 12. Ng3 Bxf3 13. Qxf3 h6 14. Nf5 Ne7 15.
Nxh6+ gxh6 16. Qxf6 Kh7 17. Qxh6+ Kg8 18. Qg5+ Kh7 19. Qh4+ Kg8 20. Bh6 Ng6 21.
Qf6 1-0

[Event "DEM U10/U10w 2010"]
[Site "Oberhof GER"]
[Date "2010.05.27"]
[Round "8"]
[White "Ramien, David"]
[Black "Wallat, Jessica"]
[Result "1/2-1/2"]
[Termination "normal"]
[Board "31"]
[WhiteElo "1172"]
[BlackElo "1045"]
[PlyCount "45"]
[WhiteFideId "12948241"]
[BlackFideId "12909637"]
[EventCountry "GER"]
[EventRounds "11"]
[EventType "swiss"]
[EventDate "2010.05.22"]

1. e4 e5 2. Nf3 Nc6 3. Nc3 Nf6 4. Bc4 Nxe4 5. Nxe4 d5 6. Bd3 dxe4 7. Bxe4 Bd6
8. Qe2 O-O 9. d3 Re8 10. Bd2 Nd4 11. Qd1 Rb8 12. h3 Be6 13. c3 f5 14. Ng5 fxe4
15. cxd4 exd4 16. Qh5 h6 17. Nxe6 Rxe6 18. Qd5 Qd7 19. Kd1 Kh7 20. Rc1 Re5 21.
Qxd4 c5 22. Qc4 b5 23. Qc3 1/2-1/2

[Event "DEM U10/U10w 2010"]
[Site "Oberhof GER"]
[Date "2010.05.27"]
[Round "8"]
[White "Müller, Sophie"]
[Black "Walker, Julia"]
[Result "0-1"]
[Termination "normal"]
[Board "32"]
[WhiteElo "1102"]
[BlackElo "1145"]
[PlyCount "52"]
[WhiteFideId "12926698"]
[BlackFideId "1271852"]
[EventCountry "GER"]
[EventRounds "11"]
[EventType "swiss"]
[EventDate "2010.05.22"]

1. d4 d5 2. e3 Nf6 3. f4 c5 4. c3 Nc6 5. Bd3 Bg4 6. Nf3 e6 7. Nbd2 Be7 8. O-O
O-O 9. h3 Bh5 10. Kh1 a6 11. Rg1 b5 12. g4 Bg6 13. f5 exf5 14. Bxf5 Bxf5 15.
gxf5 Qd7 16. Qc2 Rfe8 17. e4 dxe4 18. Ne5 Qxf5 19. Ng4 Nxg4 20. Rxg4 Qh5 21.
Kg2 Qd5 22. Kf2 e3+ 23. Kxe3 Bh4+ 24. Re4 Qg5+ 25. Kf3 Qg3+ 26. Ke2 cxd4 0-1

[Event "DEM U10/U10w 2010"]
[Site "Oberhof GER"]
[Date "2010.05.27"]
[Round "8"]
[White "Allin, Katharina"]
[Black "Martin, Julian"]
[Result "0-1"]
[Termination "normal"]
[Board "33"]
[WhiteElo "1059"]
[BlackElo "1126"]
[PlyCount "76"]
[WhiteFideId "12903779"]
[BlackFideId "12941000"]
[EventCountry "GER"]
[EventRounds "11"]
[EventType "swiss"]
[EventDate "2010.05.22"]

1. e4 e5 2. Nf3 Nc6 3. Bc4 Bc5 4. c3 Nf6 5. d3 d6 6. Bb3 Bg4 7. h3 Bh5 8. g4
Bg6 9. Bg5 h5 10. Rg1 Qe7 11. Qe2 O-O-O 12. Nbd2 Na5 13. Bc2 Nc6 14. O-O-O hxg4
15. hxg4 Rh7 16. Rh1 Rdh8 17. Rxh7 Rxh7 18. Kb1 Qe6 19. Bxf6 Qxf6 20. Bb3 Na5
21. Ba4 Bb6 22. Rf1 Qe6 23. Ng5 Qe7 24. Nxh7 Bxh7 25. Rh1 Bg8 26. Rh8 Qf8 27.
g5 f5 28. gxf6 Bxa2+ 29. Kxa2 Qxh8 30. Qg4+ Kb8 31. fxg7 Qg8+ 32. b3 a6 33. Be8
Ka7 34. Bf7 Qxf7 35. g8=Q Qxf2 36. Qg2 Qc5 37. b4 Qxc3 38. bxa5 Qc2+ 0-1

[Event "DEM U10/U10w 2010"]
[Site "Oberhof GER"]
[Date "2010.05.27"]
[Round "8"]
[White "Simon, Tessa"]
[Black "Tiedemann, Fin Niklas"]
[Result "1-0"]
[Termination "normal"]
[Board "34"]
[WhiteElo "1270"]
[BlackElo "997"]
[PlyCount "33"]
[WhiteFideId "12929395"]
[BlackFideId "12936936"]
[EventCountry "GER"]
[EventRounds "11"]
[EventType "swiss"]
[EventDate "2010.05.22"]

1. e4 e5 2. Nf3 Nc6 3. Bc4 Nf6 4. Ng5 d5 5. exd5 Na5 6. Bb5+ c6 7. dxc6 bxc6 8.
Be2 e4 9. Nc3 Bf5 10. O-O a6 11. Nh3 Bd6 12. Re1 Qe7 13. d3 Bxh3 14. gxh3 Qe5
15. f4 exf3 16. Bxf3 Qe7 17. Rxe7+ 1-0

[Event "DEM U10/U10w 2010"]
[Site "Oberhof GER"]
[Date "2010.05.27"]
[Round "8"]
[White "Mildner, Ramón"]
[Black "Edelmann, Jonas"]
[Result "0-1"]
[Termination "normal"]
[Board "35"]
[WhiteElo "1200"]
[BlackElo "1107"]
[PlyCount "30"]
[WhiteFideId "12909645"]
[EventCountry "GER"]
[EventRounds "11"]
[EventType "swiss"]
[EventDate "2010.05.22"]

1. e4 c5 2. Nf3 Nc6 3. d4 cxd4 4. Nxd4 Nf6 5. Nc3 g6 6. Be3 Bg7 7. Bc4 O-O 8.
Bb3 d6 9. O-O Qc7 10. Qd2 Ng4 11. Nxc6 Qxc6 12. Bd4 Qc7 13. Bxg7 Kxg7 14. Rad1
d5 15. Nxd5 Qxh2# 0-1

[Event "DEM U10/U10w 2010"]
[Site "Oberhof GER"]
[Date "2010.05.27"]
[Round "8"]
[White "Siegl, Adrian"]
[Black "Tsoumanis, Neoptolemos"]
[Result "1/2-1/2"]
[Termination "normal"]
[Board "36"]
[WhiteElo "1198"]
[BlackElo "1105"]
[PlyCount "48"]
[WhiteFideId "12930156"]
[EventCountry "GER"]
[EventRounds "11"]
[EventType "swiss"]
[EventDate "2010.05.22"]

1. e4 d5 2. exd5 Qxd5 3. Nc3 Qa5 4. Bc4 Nf6 5. d3 Bf5 6. Bd2 c6 7. Qe2 e6 8.
O-O-O Bb4 9. h3 Nbd7 10. g4 Bg6 11. h4 h6 12. f4 O-O-O 13. Re1 Rde8 14. a3 Bxc3
15. Bxc3 Qc7 16. Rf1 Bh7 17. g5 Nd5 18. Be5 Nxe5 19. Qxe5 Qxe5 20. fxe5 hxg5
21. hxg5 Bf5 22. Rxh8 Rxh8 23. Bxd5 cxd5 24. Nf3 Rh5 1/2-1/2

[Event "DEM U10/U10w 2010"]
[Site "Oberhof GER"]
[Date "2010.05.27"]
[Round "8"]
[White "Riegel, Arinna"]
[Black "Matzeit, Adrian"]
[Result "1/2-1/2"]
[Termination "normal"]
[Board "37"]
[WhiteElo "1013"]
[BlackElo "1175"]
[PlyCount "37"]
[WhiteFideId "12931446"]
[BlackFideId "12946737"]
[EventCountry "GER"]
[EventRounds "11"]
[EventType "swiss"]
[EventDate "2010.05.22"]

1. e4 c5 2. d3 d6 3. Nf3 Nc6 4. g3 e6 5. Bg2 Bd7 6. O-O Be7 7. Be3 Nf6 8. h3
O-O 9. Kh2 h6 10. Nbd2 Rb8 11. a4 Qc7 12. Nc4 a6 13. a5 Rbd8 14. Nb6 Na7 15.
Qd2 Nc8 16. Nxd7 Nxd7 17. c3 b6 18. axb6 Qxb6 19. b4 1/2-1/2

[Event "DEM U10/U10w 2010"]
[Site "Oberhof GER"]
[Date "2010.05.27"]
[Round "8"]
[White "Du, Katharina"]
[Black "Stobbe, Frederik"]
[Result "0-1"]
[Termination "normal"]
[Board "38"]
[WhiteElo "1006"]
[BlackElo "1157"]
[PlyCount "120"]
[WhiteFideId "12945757"]
[EventCountry "GER"]
[EventRounds "11"]
[EventType "swiss"]
[EventDate "2010.05.22"]

1. e4 c5 2. g3 g6 3. Bg2 Bg7 4. f4 d6 5. d3 Nc6 6. Nf3 e6 7. O-O Nge7 8. Nc3
O-O 9. Be3 b6 10. Kh1 Qd7 11. h3 Bb7 12. Qd2 Rae8 13. g4 f5 14. g5 d5 15. exd5
Bxc3 16. bxc3 Nxd5 17. Bf2 Nde7 18. c4 Nd4 19. Nxd4 Bxg2+ 20. Kxg2 cxd4 21. Kh2
Nc6 22. Rfe1 e5 23. Bg3 e4 24. dxe4 fxe4 25. Rad1 e3 26. Qd3 Qf5 27. Qxf5 Rxf5
28. Re2 Rf7 29. Kg2 Rd7 30. Kf3 Nb4 31. a3 Na2 32. Be1 Rdd8 33. Ra1 Nc3 34.
Bxc3 dxc3 35. Rxe3 Rxe3+ 36. Kxe3 Rd2 37. Kf3 Rxc2 38. a4 Rh2 39. Kg3 Rd2 40.
Kf3 Rd3+ 41. Ke2 Rxh3 42. Rc1 Kf7 43. Rd1 c2 44. Rc1 Rc3 45. Kd2 Rxc4 46. Rxc2
Rxc2+ 47. Kxc2 Ke6 48. Kd3 Kd5 49. Ke3 a6 50. Kd3 b5 51. axb5 axb5 52. Kc3 Ke4
53. Kb4 Kxf4 54. Kxb5 Kxg5 55. Kc5 h5 56. Kd4 Kf4 57. Kd3 Kf3 58. Kd2 Kf2 59.
Kd3 h4 60. Ke4 h3 0-1

[Event "DEM U10/U10w 2010"]
[Site "Oberhof GER"]
[Date "2010.05.27"]
[Round "8"]
[White "Möller, Hannah"]
[Black "Bach, Kira Annika"]
[Result "0-1"]
[Termination "normal"]
[Board "40"]
[WhiteElo "854"]
[BlackElo "1071"]
[PlyCount "84"]
[WhiteFideId "1270514"]
[BlackFideId "12907677"]
[EventCountry "GER"]
[EventRounds "11"]
[EventType "swiss"]
[EventDate "2010.05.22"]

1. e4 d5 2. exd5 c6 3. dxc6 Nxc6 4. Nf3 e5 5. Nc3 Nf6 6. Bc4 Bc5 7. O-O O-O 8.
d3 h6 9. Re1 Re8 10. Bd2 Bg4 11. h3 Bh5 12. Be3 Bd6 13. Bb5 a6 14. Bxc6 bxc6
15. Ne4 Nxe4 16. dxe4 Qc7 17. Qe2 Rab8 18. b3 a5 19. Rab1 Re6 20. g4 Bg6 21.
Nh2 Qe7 22. Bd2 Qh4 23. Qe3 Rf8 24. Bxa5 f5 25. exf5 Bxf5 26. gxf5 Rxf5 27. Qg3
Rg5 28. Ng4 Qh5 29. Bd8 e4 30. Qg2 Rgg6 31. c4 Qf5 32. Rf1 h5 33. Rfd1 hxg4 34.
h4 g3 35. fxg3 Rxg3 36. Qxg3 Bxg3 37. Rd2 Rg6 38. Rbb2 Bf4+ 39. Rg2 Rxg2+ 40.
Rxg2 e3 41. Ba5 Qxa5 42. Kf1 Qa3 0-1

[Event "DEM U10/U10w 2010"]
[Site "Oberhof GER"]
[Date "2010.05.27"]
[Round "8"]
[White "Giede, Anna-Blume"]
[Black "Köhler, Inken"]
[Result "1-0"]
[Termination "normal"]
[Board "42"]
[WhiteElo "927"]
[BlackElo "786"]
[PlyCount "69"]
[WhiteFideId "12921980"]
[BlackFideId "12929301"]
[EventCountry "GER"]
[EventRounds "11"]
[EventType "swiss"]
[EventDate "2010.05.22"]

1. e4 e5 2. Bc4 Nf6 3. d3 Nc6 4. c3 Bc5 5. Nf3 d6 6. h3 Bd7 7. b4 Bb6 8. O-O
O-O 9. Nbd2 Qe7 10. Re1 Be6 11. Bb5 d5 12. exd5 Nxd5 13. Qc2 f6 14. Nf1 Qf7 15.
Ng3 Qg6 16. Nh4 Qxg3 17. Nf3 Bxh3 18. Kf1 Nxc3 19. Bc4+ Kh8 20. Re2 Qxg2+ 21.
Ke1 Nxe2 22. Qxe2 Nxb4 23. Ba3 Qh1+ 24. Kd2 Qxa1 25. Ne1 Rfd8 26. Bxb4 Qb2+ 27.
Nc2 c5 28. Bc3 Qb1 29. Qh5 Qf1 30. Qh4 g5 31. Qxg5 Qxf2+ 32. Kc1 Rxd3 33. Bxe5
Qf1+ 34. Kb2 h6 35. Qxh6# 1-0

[Event "DEM U10/U10w 2010"]
[Site "Oberhof GER"]
[Date "2010.05.27"]
[Round "8"]
[White "Schneider, Jana"]
[Black "Schneider, Xenia"]
[Result "1-0"]
[Termination "normal"]
[Board "45"]
[WhiteElo "1073"]
[BlackElo "777"]
[PlyCount "73"]
[WhiteFideId "12924997"]
[BlackFideId "12911984"]
[EventCountry "GER"]
[EventRounds "11"]
[EventType "swiss"]
[EventDate "2010.05.22"]

1. e4 e5 2. Nf3 Nc6 3. d4 exd4 4. Nxd4 Qf6 5. Nxc6 Qxc6 6. Nc3 Nf6 7. e5 Ng4 8.
Qxg4 d6 9. Qe2 Be7 10. exd6 Qxd6 11. Bg5 O-O 12. Bxe7 Re8 13. Bxd6 Rxe2+ 14.
Bxe2 cxd6 15. O-O Bf5 16. Bd3 Be6 17. Rfe1 Re8 18. Re2 a6 19. Rae1 b5 20. Bf5
d5 21. Bxe6 fxe6 22. Rxe6 Rd8 23. Re8+ Rxe8 24. Rxe8+ Kf7 25. Rd8 b4 26. Nxd5
a5 27. Ra8 a4 28. Rxa4 b3 29. axb3 g5 30. c4 Ke8 31. Ra7 h5 32. b4 Kd8 33. Rc7
g4 34. b5 h4 35. b6 h3 36. b7 hxg2 37. b8=Q# 1-0

[Event "DEM U10/U10w 2010"]
[Site "Oberhof GER"]
[Date "2010.05.27"]
[Round "8"]
[White "Ratay, Meike"]
[Black "Cejda, Cecilia"]
[Result "1/2-1/2"]
[Termination "normal"]
[Board "46"]
[WhiteElo "930"]
[BlackElo "894"]
[PlyCount "72"]
[WhiteFideId "12977608"]
[BlackFideId "12921122"]
[EventCountry "GER"]
[EventRounds "11"]
[EventType "swiss"]
[EventDate "2010.05.22"]

1. e4 c5 2. Nf3 Nc6 3. Bc4 Nf6 4. Nc3 g6 5. d3 Bg7 6. O-O O-O 7. Be3 d6 8. h3
Bd7 9. d4 cxd4 10. Nxd4 Nxd4 11. Bxd4 e5 12. Be3 Bc6 13. Bd5 Bxd5 14. exd5 Rc8
15. Nb5 a6 16. Na7 Ra8 17. Bg5 Rxa7 18. Bxf6 Bxf6 19. f4 Qb6+ 20. Kh1 Qxb2 21.
fxe5 Qxe5 22. Rb1 Qg3 23. Rxf6 Re8 24. Qg1 Qe5 25. Qf2 Raa8 26. Rxf7 Rf8 27.
Rxf8+ Rxf8 28. Qd2 Rf4 29. c3 Qf5 30. Kh2 Qe5 31. Kg1 Qe4 32. Kh2 Rf5 33. Re1
Qc4 34. Qh6 Qf4+ 35. Qxf4 Rxf4 36. Kg3 Ra4 1/2-1/2